| 000 | 00645nam a2200277Ia 4500 | ||
|---|---|---|---|
| 001 | Z_4832 | ||
| 003 | CHAP | ||
| 008 | 220113s1983 xx 000 0 und d | ||
| 010 | _a167885 | ||
| 040 | _cCHAP | ||
| 082 | _a612.11822 R6 | ||
| 100 |
_aRojas M , William _999334 |
||
| 245 |
_aInmunología / _cpor William Rojas M |
||
| 260 |
_aMéxico, D. F. : _bFondo Educativo Interamericano, _c1983 |
||
| 300 | _a497 p. | ||
| 440 | _a | ||
| 500 | _a | ||
| 503 | _a120509 | ||
| 650 |
_aInmunología I. t. _9142142 |
||
| 901 | _a612.11822 R6 | ||
| 902 | _aA | ||
| 910 | _a1983 | ||
| 942 | _c1 | ||
| 942 | _cc1 | ||
| 999 |
_c167885 _d167885 |
||